| 000 | 00800cab a2200265 4500 | ||
|---|---|---|---|
| 001 | ABS68873 | ||
| 008 | 050316n2005 000 0 eng u | ||
| 035 | _a(Sirsi) u129079 | ||
| 100 | _aBlackman, D. | ||
| 245 | _aSpecial report: global cities | ||
| 260 | _c2005 | ||
| 490 |
_aProperty Week _v70(9) 4 March 2005, 95-106(9) |
||
| 520 | _a"The evolution of devolution" investigates whether devolution could spread to England's main cities. "It's a small world" reports on the challenge of globalisation for Europe's cities. | ||
| 590 | _aABS | ||
| 650 | _aDEVOLUTION | ||
| 650 | _aGLOBALISATION | ||
| 650 | _aENGLAND | ||
| 650 | _aGREATER MANCHESTER | ||
| 650 | _aSHEFFIELD | ||
| 650 | _aBILBAO | ||
| 650 | _aBARCELONA | ||
| 650 | _aDUBLIN | ||
| 690 | _aREGENERATION | ||
| 942 | _n0 | ||
| 999 |
_c74934 _d74934 |
||